Evropská unie
Saved in:
| Main Author: | |
|---|---|
| Other Authors: | |
| Format: | Book |
| Language: | Czech |
| Published: |
Brno
Centrum pro studium demokracie a kultury
2003
|
| Subjects: | |
| Tags: |
No Tags, Be the first to tag this record!
|
MARC
| LEADER | 00000nam$a2200000$$$4500 | ||
|---|---|---|---|
| 001 | 0007972 | ||
| 005 | 20240306141352.1 | ||
| 020 | |a 80-7325-015-2 | ||
| 041 | 0 | |a cze | |
| 044 | |a CZ | ||
| 245 | 1 | 0 | |a Evropská unie |c Petr Fiala, Markéta Pitrová |
| 264 | 1 | |a Brno |b Centrum pro studium demokracie a kultury |c 2003 | |
| 300 | |a 743 s. | ||
| 610 | 2 | 0 | |a Európska únia |
| 610 | 2 | 0 | |a Európa |
| 610 | 2 | 0 | |a integrácia |
| 610 | 2 | 0 | |a integrácia ekonomická medzinárodná |
| 610 | 2 | 0 | |a Európske spoločenstvá |
| 610 | 2 | 0 | |a únie menové |
| 610 | 2 | 0 | |a únie hospodárske |
| 610 | 2 | 0 | |a spolupráca hospodárska medzinárodná |
| 610 | 2 | 0 | |a spolupráca medzinárodná |
| 610 | 2 | 0 | |a politika zahraničná |
| 610 | 2 | 0 | |a politika zahraničnohospodárska |
| 610 | 2 | 0 | |a politika bezpečnostná |
| 610 | 2 | 0 | |a reformy |
| 610 | 2 | 0 | |a história |
| 100 | 1 | |a Fiala, Petr | |
| 700 | 1 | |a Pitrová, Markéta | |